| 000 | 02391nam0a2200421 4500 | ||
|---|---|---|---|
| 001 | RU\NLR\BIBL_A\022583971 | ||
| 005 | 20260420050719.0 | ||
| 010 |
_a978-5-00089-769-0 _9500 |
||
| 021 |
_aRU _bКН-П-25-029630 _9КН-П-25-2924 |
||
| 035 | _a(NLR Aleph) 022583971 | ||
| 090 |
_a13677730 _c13677730 |
||
| 100 | _a20250711d2024 k y0rusy50 ca | ||
| 101 | 0 | _arus | |
| 102 | _aRU | ||
| 105 | _aa z 000yy | ||
| 181 | 0 |
_ai _bxxxe |
|
| 182 | 0 | _an | |
| 200 | 1 |
_aСистемы подготовки педагогических кадров в республиках Гана и Кот-д'Ивуар _eмонография _fЕ. И. Бойчук, И. А. Воронцова, Л. Н. Данилова [и др.] _gМинистерство просвещения Российской Федерации, ФГБОУ ВО "Ярославский государственный педагогический университет им. К. Д. Ушинского" |
|
| 203 |
_aТекст _bвизуальный _cнепосредственный |
||
| 210 |
_aЯрославль _cРИО ЯГПУ _d2024 |
||
| 215 |
_a127 с. _cцв. ил., табл. _d20 |
||
| 300 | _aАвт. указаны на обороте тит. с. в макете | ||
| 320 | _aБиблиогр.: с. 105–120 (120 назв.) | ||
| 606 | 1 |
_aШкольное образование _yАфриканские страны _92540075 _3RU\NLR\AUTH\661503856 |
|
| 606 | 1 |
_aПедагогические кадры _xПодготовка _yГана _92679777 _3RU\NLR\AUTH\6601760925 |
|
| 606 | 1 |
_aПедагогические кадры _xПодготовка _yКот-д'Ивуар _92679779 _3RU\NLR\AUTH\6601760927 |
|
| 686 | 1 | _aЧ424(6) | |
| 686 | 1 | _aЧ459.54(6Ган) | |
| 686 | 1 | _aЧ459.54(6Кот) | |
| 701 | 1 |
_aБойчук _bЕ. И. _gЕлена Игоревна |
|
| 701 | 1 |
_aВоронцова _bИ. А. _gИнна Алексеевна |
|
| 701 | 1 |
_7ca _8rus _aДанилова _bЛ. Н. _cд-р пед. наук _gЛариса Николаевна _991747 _3RU\NLR\AUTH\77108822 |
|
| 712 | 0 | 2 |
_4570 _aЯрославский государственный педагогический университет им. К. Д. Ушинского _9304213 _3RU\NLR\AUTH\8815514 |
| 942 | _cBOOK | ||
| 980 | _aNB | ||